[Event "Senior DM 2017 - 65+"]
[Site "Logumkloster"]
[Date "2017.02.12"]
[Round "1"]
[White "Madsen, Nis H"]
[Black "Stald, Flemming"]
[Result "0-1"]
[WhiteElo "1580"]
[BlackElo "1945"]
[PlyCount "108"]
[EventDate "2017.02.??"]
[EventType "swiss"]
[EventRounds "7"]
[EventCountry "DEN"]

1. e4 e6 2. Bc4 c5 3. c3 Nc6 4. Nf3 Be7 5. d4 cxd4 6. cxd4 d5 7. exd5 exd5 8.
Bb5 Bd7 9. O-O Nf6 10. Bg5 O-O 11. Bxc6 Bxc6 12. Nc3 h6 13. Bxf6 Bxf6 14. Rc1
Re8 15. Re1 Qd6 16. Qd3 a6 17. a3 Rad8 18. b4 Bd7 19. h3 g5 20. Nh2 Be6 21. Ne2
Qb6 22. Rcd1 Rc8 23. Rc1 Rxc1 24. Rxc1 Bd7 25. Ng4 Bg7 26. Rc5 Bb5 27. Qf5 Bxe2
28. Rc8 Bb5 29. Rxe8+ Bxe8 30. Qxd5 Qc6 31. Qd8 Qd7 32. Nf6+ Bxf6 33. Qxf6 Qe6
34. Qd8 Kg7 35. Qb8 Bc6 36. Qg3 Qe4 37. h4 g4 38. f3 Qxd4+ 39. Kh2 h5 40. fxg4
hxg4 41. h5 Qe4 42. Qf2 Kh6 43. Qf6+ Kxh5 44. Qxf7+ Kg5 45. Qg7+ Kf5 46. Qf7+
Ke5 47. Qe7+ Kf4 48. Qf6+ Ke3 49. Qc3+ Qd3 50. Qe1+ Kd4 51. Qf2+ Kc4 52. Qa2+
Kb5 53. Qe6 g3+ 54. Kh3 Bd7 0-1

[Event "Senior DM 2017 - 65+"]
[Site "Logumkloster"]
[Date "2017.02.12"]
[Round "1"]
[White "Mortensen, Steen Juul"]
[Black "Jensen, Hans Askov"]
[Result "1-0"]
[WhiteElo "1920"]
[BlackElo "1540"]
[PlyCount "47"]
[EventDate "2017.02.??"]
[EventType "swiss"]
[EventRounds "7"]
[EventCountry "DEN"]

1. d4 Nf6 2. Nf3 g6 3. c4 c5 4. e3 Bg7 5. Nc3 cxd4 6. Nxd4 O-O 7. Be2 d6 8. O-O
Nc6 9. b3 Nxd4 10. exd4 b6 11. Bf3 Rb8 12. Re1 e6 13. Ba3 Re8 14. Nb5 d5 15.
Nd6 Bf8 16. Nxe8 Bxa3 17. Nxf6+ Qxf6 18. Rb1 dxc4 19. bxc4 Ba6 20. Qa4 Bd6 21.
Qxa6 Qf4 22. Qxa7 Qxh2+ 23. Kf1 Qf4 24. c5 1-0

[Event "Senior DM 2017 - 65+"]
[Site "Logumkloster"]
[Date "2017.02.12"]
[Round "1"]
[White "Rasmussen, Jens"]
[Black "Norregaard, Claus"]
[Result "1-0"]
[WhiteElo "1720"]
[BlackElo "2003"]
[PlyCount "133"]
[EventDate "2017.02.??"]
[EventType "swiss"]
[EventRounds "7"]
[EventCountry "DEN"]
[WhiteClock "0:07:10"]
[BlackClock "0:10:31"]

1. d4 Nf6 2. Nf3 e6 3. e3 b6 4. Bd3 Bb7 5. Nbd2 d5 6. Qe2 c5 7. b3 Be7 8. Bb2
O-O 9. O-O Nc6 10. a3 Rc8 11. Ne5 Nd7 12. c4 f6 13. Bxh7+ Kxh7 14. Qh5+ Kg8 15.
Ng6 f5 16. Nxf8 Qxf8 17. f4 Nf6 18. Qg6 Qf7 19. Qxf7+ Kxf7 20. dxc5 Bxc5 21.
Rfe1 Ng4 22. Nf1 d4 23. b4 Be7 24. exd4 Rd8 25. Rad1 Bf6 26. h3 Nh6 27. Kh1 Ng8
28. Nh2 Nge7 29. Nf3 Ng6 30. Ne5+ Bxe5 31. dxe5 Rxd1 32. Rxd1 Ke7 33. Bc1 Nf8
34. Kh2 Nd7 35. Rd3 g6 36. Bd2 a5 37. Rd6 axb4 38. axb4 Nd8 39. Be3 Nf7 40. Rd2
Nd8 41. Ra2 Nc6 42. Rb2 Kd8 43. Bf2 Kc7 44. g4 Ne7 45. Kg3 Be4 46. Rd2 Nc8 47.
g5 Nb8 48. h4 Nc6 49. Rb2 Bd3 50. c5 b5 51. h5 gxh5 52. Kh4 N8e7 53. Kxh5 Nxe5
54. fxe5 f4 55. Kh6 Ng6 56. Rd2 Bf5 57. Bd4 Kc6 58. Bc3 f3 59. Bd4 Kd5 60. Bf2+
Kxe5 61. c6 Ne7 62. c7 Be4 63. Bg3+ Kf5 64. g6 Kf6 65. Bh4+ Ke5 66. Bxe7 Bb7
67. g7 1-0

[Event "Senior DM 2017 - 65+"]
[Site "Logumkloster"]
[Date "2017.02.12"]
[Round "1"]
[White "Strachan, Christian C"]
[Black "Bjerre, Per"]
[Result "1-0"]
[WhiteElo "1948"]
[BlackElo "1628"]
[PlyCount "43"]
[EventDate "2017.02.??"]
[EventType "swiss"]
[EventRounds "7"]
[EventCountry "DEN"]

1. e4 e6 2. d4 d5 3. Nd2 c5 4. exd5 cxd4 5. Bb5+ Bd7 6. dxe6 Bxb5 7. exf7+ Kxf7
8. Qh5+ g6 9. Qxb5 Qe7+ 10. Ne2 Nf6 11. O-O Nc6 12. Nf3 Rd8 13. Qc4+ Kg7 14.
Nexd4 Nxd4 15. Nxd4 Rd6 16. Bf4 Rd5 17. Rfe1 Qd7 18. Ne6+ Kg8 19. Nxf8 Kxf8 20.
Be5 Kf7 21. Bxf6 Kxf6 22. Qc3+ 1-0

[Event "Senior DM 2017 - 65+"]
[Site "Logumkloster"]
[Date "2017.02.12"]
[Round "1"]
[White "Hansen, Uwe"]
[Black "Fjordside, Arne Dan"]
[Result "0-1"]
[WhiteElo "1412"]
[BlackElo "1926"]
[PlyCount "88"]
[EventDate "2017.02.??"]
[EventType "swiss"]
[EventRounds "7"]
[EventCountry "DEN"]

1. e4 e6 2. Nf3 d5 3. exd5 exd5 4. d4 Nf6 5. Bf4 Be7 6. Be2 O-O 7. O-O Nbd7 8.
Nc3 c6 9. a3 Re8 10. Re1 Nh5 11. Bd2 Bd6 12. Qc1 Qc7 13. Bf1 Nhf6 14. Rxe8+
Nxe8 15. Ne2 Nef6 16. Bf4 Ne4 17. Bxd6 Qxd6 18. Ng3 Ndf6 19. c4 Nxg3 20. hxg3
dxc4 21. Bxc4 Be6 22. Bxe6 Qxe6 23. Qd2 Rd8 24. Qa5 Ra8 25. Qb4 Qd7 26. Re1 Nd5
27. Qc4 Rd8 28. Re4 Nf6 29. Rh4 Qd5 30. Qc2 h6 31. Rf4 a6 32. b4 Qe6 33. a4 Rd5
34. Rh4 Qf5 35. Qc1 Qd3 36. b5 axb5 37. axb5 Rxb5 38. Qf4 Qe2 39. Qb8+ Kh7 40.
Ng5+ Rxg5 41. Qxb7 Qe1+ 42. Kh2 Qe6 43. Qb1+ Qf5 44. Qd1 Ng4+ 0-1

[Event "Senior DM 2017 - 65+"]
[Site "Logumkloster"]
[Date "2017.02.12"]
[Round "1"]
[White "Hansen, Ib Lynaes"]
[Black "Bucka Lassen, Edlef"]
[Result "1-0"]
[WhiteElo "1787"]
[BlackElo "1594"]
[PlyCount "59"]
[EventDate "2017.02.??"]
[EventType "swiss"]
[EventRounds "7"]
[EventCountry "DEN"]

1. d4 d5 2. Nf3 Nf6 3. c4 dxc4 4. Nc3 g6 5. e4 e6 6. Bxc4 Bg7 7. O-O O-O 8. Bg5
h6 9. Bh4 Qd7 10. Rc1 c6 11. Ne5 Qd6 12. Bb3 Nbd7 13. Nc4 Qc7 14. Bg3 e5 15.
Nxe5 Nxe5 16. Bxe5 Qe7 17. f4 Ng4 18. Bxg7 Kxg7 19. Qf3 f5 20. e5 h5 21. h3 Nh6
22. d5 Qc5+ 23. Qf2 Qxf2+ 24. Rxf2 cxd5 25. Nxd5 Be6 26. Nc7 Bxb3 27. Nxa8 Rxa8
28. axb3 Nf7 29. Rc7 b6 30. e6 1-0

[Event "Senior DM 2017 - 65+"]
[Site "Logumkloster"]
[Date "2017.02.12"]
[Round "1"]
[White "Kristensen, Karl Martin"]
[Black "Hardlei, Kim"]
[Result "0-1"]
[WhiteElo "1557"]
[BlackElo "1811"]
[PlyCount "100"]
[EventDate "2017.02.??"]
[EventType "swiss"]
[EventRounds "7"]
[EventCountry "DEN"]

1. c4 e5 2. Nc3 Nf6 3. d3 Be7 4. e4 O-O 5. h3 Nc6 6. Be3 a6 7. Qd2 Rb8 8. Be2
b5 9. b3 Re8 10. Nf3 Bb4 11. O-O Qe7 12. Qb2 bxc4 13. a3 Bxc3 14. Qxc3 cxb3 15.
Rfb1 Qe6 16. Rb2 d5 17. exd5 Nxd5 18. Qc4 Nxe3 19. Qxe6 Bxe6 20. fxe3 Rb6 21.
Ng5 Bf5 22. g4 Bd7 23. Rc1 h6 24. Ne4 Kf8 25. Bf3 Reb8 26. Rc3 Ke7 27. Nd2 Kd8
28. Rcxb3 Na5 29. Rxb6 cxb6 30. Nc4 Nxc4 31. dxc4 Be6 32. Bd5 Ke7 33. e4 f6 34.
a4 Bd7 35. a5 b5 36. c5 Be8 37. Kf2 Kd7 38. Ke2 Kc7 39. Kd2 b4 40. Kc1 Rb5 41.
Rc2 Rxa5 42. c6 Ra3 43. Rb2 a5 44. Rb3 Rxb3 45. Bxb3 Bxc6 46. Bc2 Kd6 47. Bd3
Kc5 48. Kd2 Kd4 49. h4 Bxe4 50. Bxe4 Kxe4 0-1

[Event "Senior DM 2017 - 65+"]
[Site "Logumkloster"]
[Date "2017.02.12"]
[Round "1"]
[White "Palm, Eivind"]
[Black "Jensen, Jens Peter"]
[Result "1-0"]
[WhiteElo "1848"]
[BlackElo "1518"]
[PlyCount "83"]
[EventDate "2017.02.??"]
[EventType "swiss"]
[EventRounds "7"]
[EventCountry "DEN"]

1. Nf3 e6 2. c4 Be7 3. d4 Nf6 4. Nc3 h6 5. e4 Bb4 6. Bd3 O-O 7. O-O Bxc3 8.
bxc3 d5 9. cxd5 exd5 10. e5 Nfd7 11. Bc2 f5 12. Ba3 Nb6 13. Bxf8 Qxf8 14. Re1
Be6 15. Rb1 Nc6 16. Nh4 Qf7 17. Qf3 Rf8 18. g3 Nc4 19. Rxb7 Nd2 20. Qe2 Nc4 21.
Ng2 N4a5 22. Reb1 Nc4 23. Nf4 Na3 24. R1b2 Nc4 25. R7b5 a6 26. Rc5 Qe8 27. Ba4
Nxd4 28. Bxe8 Nxe2+ 29. Rxe2 Rxe8 30. Rxc7 g5 31. Nh5 Kf8 32. f4 Re7 33. Rc6 a5
34. Nf6 Na3 35. Rc5 Nb1 36. Rb2 Na3 37. Nxd5 Rd7 38. Nf6 Rd1+ 39. Kf2 Nc4 40.
Rb8+ Kg7 41. Rc7+ Kg6 42. Rbb7 1-0

[Event "Senior DM 2017 - 65+"]
[Site "Logumkloster"]
[Date "2017.02.12"]
[Round "1"]
[White "Larsen, Alex"]
[Black "Rendlev, Niels Moller"]
[Result "0-1"]
[WhiteElo "1459"]
[BlackElo "1800"]
[PlyCount "50"]
[EventDate "2017.02.??"]
[EventType "swiss"]
[EventRounds "7"]
[EventCountry "DEN"]

1. e4 c5 2. Nf3 e6 3. Bc4 d5 4. exd5 exd5 5. Bb5+ Bd7 6. Bxd7+ Nxd7 7. O-O Ngf6
8. d4 Be7 9. c3 O-O 10. Bf4 Rc8 11. a4 Re8 12. Nbd2 c4 13. Qc2 Nf8 14. Be5 Ng6
15. h4 Bd6 16. Qf5 Bxe5 17. dxe5 Qd7 18. Qc2 Nxe5 19. Nxe5 Rxe5 20. f4 Re2 21.
Qd1 Rce8 22. Nf3 Qg4 23. Rf2 Rxf2 24. Kxf2 Qxf4 25. Qd2 Ne4+ 0-1

[Event "Senior DM 2017 - 65+"]
[Site "Logumkloster"]
[Date "2017.02.12"]
[Round "1"]
[White "Nielsen, Aage Sondergaard"]
[Black "Jensen, Ole Yde"]
[Result "1-0"]
[WhiteElo "1935"]
[BlackElo "1619"]
[PlyCount "71"]
[EventDate "2017.02.??"]
[EventType "swiss"]
[EventRounds "7"]
[EventCountry "DEN"]
[WhiteClock "0:14:50"]
[BlackClock "0:10:22"]

1. e4 e6 2. Nc3 d5 3. Nf3 Nf6 4. e5 Nfd7 5. d4 c5 6. Bb5 a6 7. Bxd7+ Bxd7 8.
O-O Nc6 9. Ne2 cxd4 10. Nexd4 Be7 11. Re1 O-O 12. c3 Rc8 13. Nxc6 Bxc6 14. Be3
Bb5 15. Nd4 Bd7 16. f4 Bc5 17. Qd2 Qe7 18. Kh1 Bxd4 19. Bxd4 Rc4 20. Re3 b5 21.
b4 Ra8 22. a3 a5 23. Ra2 a4 24. Rh3 Rc7 25. Qd3 g6 26. g4 Rac8 27. Rg2 Be8 28.
Rh6 f5 29. exf6 Qf8 30. Rh3 Rf7 31. Qe3 Bd7 32. Qe5 Qe8 33. Re3 Rc6 34. f5 Qc8
35. fxg6 hxg6 36. Qg5 1-0

[Event "Senior DM 2017 - 65+"]
[Site "Logumkloster"]
[Date "2017.02.12"]
[Round "1"]
[White "Larsen, Arne Walther"]
[Black "Grabow, Pouelsten Holm"]
[Result "0-1"]
[WhiteElo "1759"]
[BlackElo "2123"]
[PlyCount "52"]
[EventDate "2017.02.??"]
[EventType "swiss"]
[EventRounds "7"]
[EventCountry "DEN"]
[WhiteClock "0:09:14"]
[BlackClock "0:04:07"]

1. c4 e6 2. g3 d5 3. d4 Nf6 4. Bg2 Bb4+ 5. Bd2 Be7 6. Nf3 O-O 7. O-O Nbd7 8. b3
b6 9. Bf4 Bb7 10. Nc3 Rc8 11. Rc1 dxc4 12. bxc4 Ne4 13. Nxe4 Bxe4 14. Qb3 Bd6
15. Bg5 f6 16. Be3 Qe7 17. Rfd1 c5 18. Bh3 Rcd8 19. Ne1 cxd4 20. Bxd4 Rfe8 21.
Nd3 Kf8 22. f3 Bxd3 23. Qxd3 g6 24. e4 Ne5 25. Bxe5 Bc5+ 26. Bd4 Rxd4 0-1

[Event "Senior DM 2017 - 65+"]
[Site "Logumkloster"]
[Date "2017.02.12"]
[Round "1"]
[White "Hartung Nielsen, Jens"]
[Black "Rasmussen, Knud Aage"]
[Result "1-0"]
[WhiteElo "2174"]
[BlackElo "1795"]
[PlyCount "53"]
[EventDate "2017.02.??"]
[EventType "swiss"]
[EventRounds "7"]
[EventCountry "DEN"]
[WhiteClock "0:36:20"]
[BlackClock "1:04:51"]

1. d4 Nf6 2. Nf3 g6 3. c4 Bg7 4. Nc3 d6 5. e4 O-O 6. Be2 e5 7. Be3 Nc6 8. d5
Ne7 9. Nd2 Ne8 10. c5 f5 11. f3 a6 12. Nc4 f4 13. Bf2 Bd7 14. Qb3 Rb8 15. cxd6
Nxd6 16. Nxd6 cxd6 17. Bb6 Qc8 18. Rc1 Be8 19. a4 Qd7 20. Nb5 Rc8 21. Kd2 Bf7
22. Nc7 Nc6 23. dxc6 Qxc7 24. Bxc7 Bxb3 25. cxb7 Rxc7 26. Rxc7 Be6 27. Rhc1 1-0

[Event "Senior DM 2017 - 65+"]
[Site "Logumkloster"]
[Date "2017.02.12"]
[Round "1"]
[White "Andersson, Finn"]
[Black "Sorensen, Bent"]
[Result "0-1"]
[WhiteElo "1780"]
[BlackElo "2255"]
[PlyCount "46"]
[EventDate "2017.02.??"]
[EventType "swiss"]
[EventRounds "7"]
[EventCountry "DEN"]
[WhiteClock "0:44:38"]
[BlackClock "0:21:39"]

1. e4 e6 2. d4 d5 3. e5 c5 4. c3 Nc6 5. Nf3 Bd7 6. Be2 Nge7 7. Na3 Nf5 8. Nc2
Be7 9. O-O a5 10. a4 cxd4 11. cxd4 Qb6 12. Qd3 Rc8 13. Bd2 h6 14. g4 Nh4 15.
Nxh4 Bxh4 16. b4 axb4 17. Rfb1 Nxe5 18. dxe5 Qxf2+ 19. Kh1 Rxc2 20. Qxc2 Qxe2
21. Qd1 Qe4+ 22. Kg1 Bc6 23. Rxb4 d4 0-1

[Event "Senior DM 2017 - 65+"]
[Site "Logumkloster"]
[Date "2017.02.12"]
[Round "1"]
[White "Rosenlund, Thorbjorn"]
[Black "Larsen, Finn"]
[Result "1-0"]
[WhiteElo "2264"]
[BlackElo "1698"]
[PlyCount "63"]
[EventDate "2017.02.??"]
[EventType "swiss"]
[EventRounds "7"]
[EventCountry "DEN"]
[WhiteClock "0:02:04"]
[BlackClock "0:03:42"]

1. Nf3 d5 2. b3 c5 3. e3 Nf6 4. Bb2 Nc6 5. d4 e6 6. Nbd2 Be7 7. Bd3 O-O 8. O-O
cxd4 9. exd4 g6 10. Ne5 Nxe5 11. dxe5 Nh5 12. c4 f5 13. cxd5 exd5 14. Nf3 Nf4
15. Nd4 Ne6 16. Rc1 Qb6 17. Be2 Bc5 18. Nf3 Rd8 19. Qd2 Bb4 20. Bc3 Bxc3 21.
Rxc3 Nc5 22. Qh6 Ne4 23. Ng5 Nxg5 24. Qxg5 Be6 25. h4 d4 26. Rg3 Qc5 27. h5
Qxe5 28. hxg6 hxg6 29. Qxg6+ Kf8 30. Bc4 Ke7 31. Bxe6 Qxe6 32. Qg7+ 1-0

[Event "Senior DM 2017 - 65+"]
[Site "Logumkloster"]
[Date "2017.02.12"]
[Round "1"]
[White "Larsen, Torben"]
[Black "Hvenekilde, Jorgen"]
[Result "1/2-1/2"]
[WhiteElo "1658"]
[BlackElo "2092"]
[PlyCount "91"]
[EventDate "2017.02.??"]
[EventType "swiss"]
[EventRounds "7"]
[EventCountry "DEN"]
[WhiteClock "0:01:05"]
[BlackClock "0:02:10"]

1. d4 Nf6 2. c4 g6 3. Nc3 Bg7 4. e4 d6 5. h3 O-O 6. Nf3 c6 7. Bd3 a6 8. O-O b5
9. a3 Re8 10. Bf4 e5 11. dxe5 Nh5 12. Bg5 f6 13. exf6 Bxf6 14. Bxf6 Qxf6 15.
Rc1 Nd7 16. b4 Nf4 17. cxb5 axb5 18. Nb1 Bb7 19. Qb3+ Kg7 20. Rfe1 Ne5 21. Nxe5
Rxe5 22. Bf1 Rf8 23. Rc2 Bc8 24. Re3 Bd7 25. Qc3 g5 26. g4 h5 27. f3 hxg4 28.
hxg4 Ng6 29. Rh2 Nh4 30. Nd2 Qf4 31. Rh3 Rf6 32. Qd3 Rh6 33. Re2 Re7 34. Nb3
Rf6 35. Nd4 Bxg4 36. Rxh4 gxh4 37. Rg2 Rg6 38. Rxg4 Rxg4+ 39. fxg4 Rxe4 40.
Nf5+ Kf6 41. Qxd6+ Qxd6 42. Nxd6 Rxg4+ 43. Kh2 Ke5 44. Nb7 Rg3 45. Bg2 Rxa3 46.
Bxc6 1/2-1/2

[Event "Senior DM 2017 - 65+"]
[Site "Logumkloster"]
[Date "2017.02.12"]
[Round "1"]
[White "Johnsen, Oystein"]
[Black "Jensen, Scot Wolfgang"]
[Result "1-0"]
[WhiteElo "1983"]
[BlackElo "1691"]
[PlyCount "49"]
[EventDate "2017.02.??"]
[EventType "swiss"]
[EventRounds "7"]
[EventCountry "DEN"]
[WhiteClock "0:53:23"]
[BlackClock "0:52:43"]

1. d4 d5 2. Bf4 Nc6 3. e3 a6 4. c3 Nf6 5. Bd3 h6 6. Nd2 e6 7. Qe2 Bd6 8. Ngf3
Qe7 9. Bg3 Bxg3 10. hxg3 Bd7 11. Ne5 Ng8 12. f4 O-O-O 13. a4 Be8 14. b4 f6 15.
Nxc6 Bxc6 16. b5 axb5 17. axb5 Be8 18. Nb3 b6 19. Qa2 Qd6 20. Qa7 Ne7 21. Ra6
Bg6 22. Bxg6 Nxg6 23. Nc5 bxc5 24. Rxd6 cxd6 25. b6 1-0

[Event "Senior DM 2017 - 65+"]
[Site "Logumkloster"]
[Date "2017.02.12"]
[Round "1"]
[White "Baagoe, Hans Chr"]
[Black "Moestrup, Jorn"]
[Result "1-0"]
[WhiteElo "1566"]
[BlackElo "2037"]
[PlyCount "89"]
[EventDate "2017.02.??"]
[EventType "swiss"]
[EventRounds "7"]
[EventCountry "DEN"]

1. d4 d5 2. c4 c6 3. e3 e6 4. Bd2 Nf6 5. Nf3 Nbd7 6. Nc3 Be7 7. Bd3 dxc4 8.
Bxc4 b5 9. Bd3 Bb7 10. O-O a6 11. Ne4 Nxe4 12. Bxe4 Nf6 13. Bc2 c5 14. dxc5
Bxc5 15. Bc3 O-O 16. Qxd8 Rfxd8 17. Ng5 Be7 18. Nh3 Rac8 19. Bb3 Kf8 20. Rad1
Ne4 21. Ba5 Rxd1 22. Rxd1 Ke8 23. f3 Nc5 24. Bc2 Nd7 25. Bxh7 g6 26. Nf4 Nf8
27. Bg8 Rc2 28. Bc3 Bc5 29. Re1 b4 30. Bg7 Rd2 31. h4 Bd5 32. Nxd5 exd5 33. Bh6
Rxb2 34. Rd1 Rxa2 35. Rxd5 b3 36. Rxc5 b2 37. Rc8+ Kd7 38. Rb8 Ra1+ 39. Kf2
b1=Q 40. Rxb1 Rxb1 41. Bxf8 Rb8 42. Bxf7 Rxf8 43. Bxg6 a5 44. Bc2 Rc8 45. Bf5+
1-0

[Event "Senior DM 2017 - 65+"]
[Site "Logumkloster"]
[Date "2017.02.12"]
[Round "1"]
[White "Lauritsen, Niels"]
[Black "Haugaard, Thomas"]
[Result "1-0"]
[WhiteElo "2053"]
[BlackElo "1687"]
[PlyCount "37"]
[EventDate "2017.02.??"]
[EventType "swiss"]
[EventRounds "7"]
[EventCountry "DEN"]
[WhiteClock "1:11:18"]
[BlackClock "1:14:23"]

1. d4 Nf6 2. Nc3 g6 3. e4 d6 4. Bg5 Bg7 5. e5 dxe5 6. dxe5 Qxd1+ 7. Rxd1 Ng4 8.
h3 Nxe5 9. Nd5 O-O 10. Nxc7 Nbc6 11. Nxa8 Bf5 12. Nc7 Bxc2 13. Rd2 Bf5 14. Nf3
Nb4 15. Bxe7 Rc8 16. Bxb4 Rxc7 17. Rd8+ Bf8 18. Rxf8+ Kg7 19. Nxe5 1-0

[Event "Senior DM 2017 - 65+"]
[Site "Logumkloster"]
[Date "2017.02.12"]
[Round "1"]
[White "Christiansen, Niels Jorgen"]
[Black "Olesen, Poul Erik Norgaard"]
[Result "0-1"]
[WhiteElo "1645"]
[BlackElo "2030"]
[PlyCount "110"]
[EventDate "2017.02.??"]
[EventType "swiss"]
[EventRounds "7"]
[EventCountry "DEN"]
[WhiteClock "0:04:35"]
[BlackClock "0:02:11"]

1. d4 Nf6 2. c4 g6 3. Nc3 Bg7 4. e4 d6 5. Nf3 O-O 6. Be2 c5 7. d5 Na6 8. O-O
Nc7 9. Rb1 e5 10. Bg5 h6 11. Bd2 Nfe8 12. Qc1 Kh7 13. Ne1 f5 14. exf5 gxf5 15.
b4 cxb4 16. Rxb4 Na6 17. Rb1 Nf6 18. f4 e4 19. Be3 b6 20. Nc2 Nc5 21. Nd4 Bd7
22. Ncb5 Ne8 23. Bh5 Nf6 24. Qd1 Qe7 25. Be2 Rg8 26. Nc6 Bxc6 27. dxc6 Ne8 28.
Qd5 Rf8 29. Rbd1 Rd8 30. Qd2 a6 31. Nd4 Qc7 32. Bh5 Bxd4 33. Bxd4 Qxc6 34. Qe3
Nf6 35. Bxf6 Rxf6 36. Rd5 Qc7 37. Qc3 Qg7 38. Qb2 Rb8 39. Qd4 Rg8 40. g3 Qe7
41. Qe3 Rg7 42. Rfd1 Nd3 43. Kf1 Qd8 44. Rb1 Nc5 45. Qc3 Rd7 46. Kf2 Ne6 47.
Qe3 Nc7 48. Rd2 d5 49. Rbd1 Re6 50. Ke1 b5 51. Qc5 bxc4 52. Bf7 Rxf7 53. Rxd5
Nxd5 54. Rxd5 Qf6 55. Qxc4 Rc6 0-1

[Event "Senior DM 2017 - 65+"]
[Site "Logumkloster"]
[Date "2017.02.13"]
[Round "2"]
[White "Larsen, Finn"]
[Black "Madsen, Nis H"]
[Result "1-0"]
[WhiteElo "1698"]
[BlackElo "1580"]
[PlyCount "103"]
[EventDate "2017.02.??"]
[EventType "swiss"]
[EventRounds "7"]
[EventCountry "DEN"]

1. c4 e5 2. Nc3 Nc6 3. g3 b6 4. Bg2 Bb7 5. e3 Na5 6. Bxb7 Nxb7 7. d4 exd4 8.
exd4 Nf6 9. Qf3 Rb8 10. Nge2 c6 11. Bf4 Rc8 12. O-O Be7 13. Rfe1 O-O 14. Rad1
d5 15. cxd5 cxd5 16. Nc1 h6 17. Be5 Re8 18. Bxf6 Bxf6 19. Rxe8+ Qxe8 20. Qxd5
Nd8 21. N1e2 Nc6 22. Qf5 Rd8 23. d5 Bxc3 24. Nxc3 Ne7 25. Qe4 Rd6 26. Re1 Kf8
27. Nb5 Rd8 28. Nxa7 Nxd5 29. Qxe8+ Rxe8 30. Rd1 Nb4 31. a3 Na6 32. Rd6 Re6 33.
Rxe6 fxe6 34. b4 Ke7 35. Nc8+ Kd7 36. Nxb6+ Kc6 37. Nc4 Nc7 38. Kf1 Kd5 39. Nd2
Nb5 40. a4 Nc3 41. a5 Nb5 42. Ke2 Kd4 43. Nb3+ Kc4 44. Nc5 Nd4+ 45. Ke3 e5 46.
Nd7 Nc2+ 47. Ke4 Nxb4 48. Nxe5+ Kc5 49. Nd3+ Nxd3 50. Kxd3 Kb5 51. Ke4 Kxa5 52.
Kf5 1-0

[Event "Senior DM 2017 - 65+"]
[Site "Logumkloster"]
[Date "2017.02.13"]
[Round "2"]
[White "Jensen, Hans Askov"]
[Black "Larsen, Arne Walther"]
[Result "0-1"]
[WhiteElo "1540"]
[BlackElo "1759"]
[PlyCount "42"]
[EventDate "2017.02.??"]
[EventType "swiss"]
[EventRounds "7"]
[EventCountry "DEN"]

1. e4 g6 2. d4 Bg7 3. Nf3 c5 4. c3 b6 5. Bc4 e6 6. O-O Ne7 7. Bf4 d5 8. exd5
Nxd5 9. Bxd5 Qxd5 10. Be5 Bxe5 11. Nxe5 O-O 12. Qf3 Bb7 13. Qxd5 Bxd5 14. dxc5
bxc5 15. c4 Bb7 16. Nc3 Na6 17. Rad1 Rfd8 18. Nb5 Be4 19. Nd6 Bc2 20. Rd2 Ba4
21. Ndxf7 Rxd2 0-1

[Event "Senior DM 2017 - 65+"]
[Site "Logumkloster"]
[Date "2017.02.13"]
[Round "2"]
[White "Norregaard, Claus"]
[Black "Larsen, Torben"]
[Result "1-0"]
[WhiteElo "2003"]
[BlackElo "1658"]
[PlyCount "125"]
[EventDate "2017.02.??"]
[EventType "swiss"]
[EventRounds "7"]
[EventCountry "DEN"]
[WhiteClock "0:42:56"]
[BlackClock "0:23:07"]

1. d4 Nf6 2. c4 e6 3. g3 c5 4. Nf3 b6 5. Bg2 Bb7 6. O-O cxd4 7. Nxd4 Bxg2 8.
Kxg2 Bc5 9. Nc3 O-O 10. e4 e5 11. Nb3 Be7 12. Nd5 Nxd5 13. Qxd5 Nc6 14. Rd1 Rc8
15. a3 d6 16. Be3 Kh8 17. Qd3 Qc7 18. Rac1 Nd8 19. Nd2 f6 20. Nb1 Nf7 21. b3
Rfd8 22. Nc3 Bf8 23. Nd5 Qd7 24. a4 Rb8 25. Ra1 Qb7 26. Nc3 Rdc8 27. Qd5 Rc6
28. Rdb1 a6 29. Qd3 Be7 30. Nd5 Bd8 31. Nb4 Rcc8 32. Qd5 a5 33. Qxb7 Rxb7 34.
Nd5 Rcb8 35. Rd1 Kg8 36. Rd3 Kf8 37. f4 g6 38. Rf1 h5 39. Bc1 Kg7 40. f5 g5 41.
Rfd1 Rd7 42. Ba3 Rc8 43. Nc3 Rc6 44. Rd5 Kf8 45. Rb5 Nh6 46. h3 Ng8 47. Rbd5
Bc7 48. Nb5 Ne7 49. R5d2 Nc8 50. Nxc7 Rdxc7 51. Bxd6+ Nxd6 52. Rxd6 Kg7 53.
Rxc6 Rxc6 54. Rd7+ Kg8 55. Kf2 Kh8 56. Ke3 Kg8 57. Kd3 Kf8 58. Kc3 Ke8 59. Rd5
Ke7 60. b4 Rd6 61. bxa5 Rxd5 62. cxd5 bxa5 63. Kc4 1-0

[Event "Senior DM 2017 - 65+"]
[Site "Logumkloster"]
[Date "2017.02.13"]
[Round "2"]
[White "Bjerre, Per"]
[Black "Andersson, Finn"]
[Result "0-1"]
[WhiteElo "1628"]
[BlackElo "1780"]
[PlyCount "60"]
[EventDate "2017.02.??"]
[EventType "swiss"]
[EventRounds "7"]
[EventCountry "DEN"]

1. e4 c5 2. Nf3 Nc6 3. d4 cxd4 4. Nxd4 Nf6 5. Nc3 e5 6. Nf3 Bb4 7. Bd3 d5 8.
Bd2 O-O 9. a3 Bxc3 10. Bxc3 dxe4 11. Qe2 exd3 12. cxd3 Nd4 13. Qd1 Bg4 14. h3
Nxf3+ 15. gxf3 Bf5 16. Qd2 Qxd3 17. Qxd3 Bxd3 18. O-O-O Be2 19. Rde1 Bxf3 20.
Rhg1 Rac8 21. Kb1 Nd7 22. Rg3 Bh5 23. Reg1 Bg6+ 24. Ka1 Rfe8 25. Re1 Nc5 26. f3
Na4 27. Re3 Nxc3 28. bxc3 f6 29. Rg2 Red8 30. Rb2 Rd1+ 0-1

[Event "Senior DM 2017 - 65+"]
[Site "Logumkloster"]
[Date "2017.02.13"]
[Round "2"]
[White "Rasmussen, Knud Aage"]
[Black "Hansen, Uwe"]
[Result "1/2-1/2"]
[WhiteElo "1795"]
[BlackElo "1412"]
[PlyCount "88"]
[EventDate "2017.02.??"]
[EventType "swiss"]
[EventRounds "7"]
[EventCountry "DEN"]

1. c4 c6 2. Nf3 Nf6 3. g3 e6 4. Bg2 d5 5. b3 Be7 6. O-O O-O 7. Bb2 Nbd7 8. d4
Ne4 9. Nbd2 Ndf6 10. Ne5 Nxd2 11. Qxd2 Nd7 12. f4 f5 13. Nxd7 Qxd7 14. c5 Bf6
15. b4 b5 16. a4 Bb7 17. axb5 cxb5 18. Ra2 a6 19. e3 Qc6 20. Qd1 Be7 21. Bc3
Rf6 22. Bf3 g6 23. g4 Kg7 24. Be1 Rff8 25. Rg2 Qd7 26. h4 Qd8 27. g5 Rh8 28. h5
Qd7 29. Rh2 Rae8 30. Kf2 Kf7 31. Rfh1 Qd8 32. Bd2 Kg7 33. Qc1 Bc6 34. Qa1 Qa8
35. hxg6 hxg6 36. Rh6 Bb7 37. R1h2 Rxh6 38. Rxh6 Rh8 39. Qh1 Qg8 40. Ke2 Rh7
41. Qc1 Rxh6 42. gxh6+ Kxh6 43. c6 Bc8 44. Kd3 Kg7 1/2-1/2

[Event "Senior DM 2017 - 65+"]
[Site "Logumkloster"]
[Date "2017.02.13"]
[Round "2"]
[White "Jensen, Scot Wolfgang"]
[Black "Larsen, Alex"]
[Result "0-1"]
[WhiteElo "1691"]
[BlackElo "1459"]
[PlyCount "144"]
[EventDate "2017.02.??"]
[EventType "swiss"]
[EventRounds "7"]
[EventCountry "DEN"]

1. e4 c5 2. Nc3 Nc6 3. Bc4 e6 4. a3 a6 5. Nf3 b5 6. Ba2 Nge7 7. d3 Ng6 8. Ne2
d6 9. d4 cxd4 10. Nfxd4 Nxd4 11. Nxd4 Bb7 12. f3 Qh4+ 13. g3 Qd8 14. Be3 Be7
15. Nb3 a5 16. Qe2 O-O 17. Qxb5 Ba6 18. Qxa5 Bf6 19. Qxd8 Rfxd8 20. c3 Ne5 21.
Nd2 Nd3+ 22. Kd1 Nxb2+ 23. Kc2 Na4 24. Nb1 Rdc8 25. Bd2 Rab8 26. Bb3 Nc5 27.
Ba2 Bd3+ 28. Kd1 Na4 29. Ke1 Rb2 30. Kd1 Rcb8 31. Bc1 Rf2 32. Nd2 Nxc3+ 33. Ke1
Re2+ 34. Kf1 Rxd2+ 35. Kg1 Rd1+ 36. Kg2 Rxh1 37. Kxh1 Nxa2 38. Rxa2 Rb1 39. Rd2
Rxc1+ 40. Kg2 Bf1+ 41. Kf2 h6 42. Rxd6 Kh7 43. f4 Bh3 44. a4 Ra1 45. Ra6 Bd4+
46. Kf3 Ra2 47. g4 Ra3+ 48. Ke2 Bxg4+ 49. Kd2 Be3+ 50. Kc2 Bxf4 51. Ra8 Bf3 52.
Rb8 Bxe4+ 53. Kb2 Rh3 54. a5 Rxh2+ 55. Kb3 Bd5+ 56. Kb4 Rb2+ 57. Kc3 Be5+ 58.
Kd3 Kg6 59. a6 Ra2 60. Ke3 Ra3+ 61. Kd2 Bc4 62. Rb7 Rxa6 63. Rb4 Bd5 64. Ke2
Bf6 65. Rb8 h5 66. Kf2 h4 67. Rh8 Ra3 68. Kg1 h3 69. Kh2 Bg2 70. Kg1 Bd4+ 71.
Kh2 Ra1 72. Kg3 Be5+ 0-1